Vplyv kultúry organizácie na vybrané ekonomické ukazovatele

Enregistré dans:
Détails bibliographiques
Auteur principal: Mizla, Martin, 1955-
Autres auteurs: Bašistová, Alena
Format: Chapitre de livre
Langue:slovaque
Tags: Ajouter un tag
Pas de tags, Soyez le premier à ajouter un tag!

MARC

LEADER 00000naa$a2200000$$$4500
001 0091925
005 20240502072027.4
041 0 |a slo 
044 |a SK 
245 1 0 |a Vplyv kultúry organizácie na vybrané ekonomické ukazovatele  |c Martin Mizla, Alena Bašistová 
100 1 |a Mizla, Martin, 1955- 
700 1 |a Bašistová, Alena